000 00337nam a22001457a 4500
008 230130b ||||| |||| 00| 0 eng d
020 _a9780721644899
041 _aeng
080 _2SECOND EDITION
_a610.73
082 _a610.73BET
100 _a7
101 _aINF
245 _aNURSING CARE OF CHILDREN
_cBETZ L C
942 _2udc
_cBK
999 _c59294
_d59294